Arsenal Squad 23/24 - Statistics

General Stats
  • This quiz has been taken 356 times
    314 since last reset
  • The average score is 21 of 25
Answer Stats
# Nation Former Club Answer % Correct
7 England Youth Bukayo Saka
98%
9 Brazil Man City Gabriel Jesus
98%
8 Norway Real Madrid Martin Odegaard
98%
1 England Sheffield Utd Aaron Ramsdale
97%
2 France Saint-Etienne William Saliba
97%
6 Brazil Lille Gabriel
96%
4 England Brighton Ben White
95%
5 Ghana Atletico Madrid Thomas Partey
95%
22 Spain Brentford David Raya
94%
11 Brazil Ituano Gabriel Martinelli
93%
29 Germany Chelsea Kai Havertz
92%
19 Belgium Brighton Leandro Trossard
92%
41 England West Ham Declan Rice
91%
35 Ukraine Man City Oleksandr Zinchenko
91%
20 Italy Chelsea Jorginho
90%
12 Netherlands Ajax Jurrien Timber
86%
18 Japan Bologna Takehiro Tomiyasu
86%
10 England Youth Emile Smith Rowe
82%
15 Poland Spezia Jakub Kiwior
82%
25 Egypt FC Basel Mohamed Elneny
82%
14 England Youth Eddie Nketiah
73%
21 Portugal FC Porto Fabio Vieira
70%
24 England Youth Reiss Nelson
62%
17 Portugal Inter Cedric
59%
31 Estonia Youth Karl Hein
50%
No matching quizzes found
Score Distribution
Percent of People with Each Score
Percentile by Number Answered
Your Score History
You have not taken this quiz since the last reset